Normal view
MARC view
- Niaz, Adeel
Entry Personal Name
001 - CONTROL NUMBER
- control field: 111994
003 - CONTROL NUMBER IDENTIFIER
- control field: NUST
005 - DATE AND TIME OF LATEST TRANSACTION
- control field: 20230427135540.0
008 - FIXED-LENGTH DATA ELEMENTS
- fixed length control field: 230427|| aca||aabn | a|a d
040 ## - CATALOGING SOURCE
- Original cataloging agency: NUST
- Transcribing agency: NUST
100 ## - HEADING--PERSONAL NAME
- Personal name: Niaz, Adeel
670 ## - SOURCE DATA FOUND
- Source citation: Work cat.: (NUST): Niaz, Adeel, GAT General :, 2023
